Quiz sulle Isole Vergini Americane - Statistics

Statistiche generali
  • Questo quiz è stato fatto 7 volte
  • Il punteggio medio è 6 su 15
Statistiche sulle risposte
Definizione Risposta % Corretto
Valuta Dollaro Statunitense
80%
Lingua Ufficiale Inglese
80%
Mare in cui si trovano le Isole Vergini Americane Mar dei Caraibi
80%
Attività principale dell'arcipelago Turismo
80%
Gruppo di isole di cui fanno parte le Isole Vergini Americane Piccole Antille
60%
Le Isole Vergini Americane sono una dipendenza di questo Stato Stati Uniti
60%
Capitale Charlotte Amalie
40%
Presidente Donald Trump
40%
Territorio USA che si trova 60 km a ovest Porto Rico
40%
Stato che possedeva le isole prima di venderle allo Stato che adesso le amministra Danimarca
20%
Isola più grande Saint Croix
20%
Le isole furono chiamate in onore di questa santa e le sue seguaci vergini Sant'Orsola
20%
Pianta coltivata Canna da zucchero
0%
Velista medaglia d'argento alle Olimpiadi di Seul 1988; la sua è tutt'ora l'unica medaglia olimpica vinta dalle Isole Vergini Americane Peter Holmberg
0%
Noto cestista americo-verginiano 5 volte campione NBA Tim Duncan
0%
Nessun quiz corrispondente trovato
Distribuzione punteggi
Percentuale di utenti per punteggio
Percentile per numero di risposta
I tuoi punteggi nel tempo
Non hai fatto questo quiz